Ngôn ngữ học hiện đại : Một số khái niệm, khuynh hướng và lãnh vực nghiên cứu

Nội dung đề tai cung cấp một số thuật ngữ và khái niện mới trong ngôn ngữ học hiện đại, vấn đề chức năng của ngôn ngữ, ngôn ngữ học xã hội. Nghiên cứu ngôn ngữ và kí luận dạy ngoại ngữ qua cách tiếp cận ngôn ngữ học xã hội....

Full description

Saved in:
Bibliographic Details
Main Author: Trần, Thanh Ái
Format: Book
Language:Undetermined
Published: Cần Thơ Trường Đại học Cần Thơ 2003
Subjects:
Tags: Add Tag
No Tags, Be the first to tag this record!
Institutions: Trung tâm Học liệu Trường Đại học Cần Thơ
LEADER 01053nam a2200205Ia 4500
001 CTU_205291
008 210402s9999 xx 000 0 und d
082 |a 410 
082 |b A103 
100 |a Trần, Thanh Ái 
245 0 |a Ngôn ngữ học hiện đại : 
245 0 |b Một số khái niệm, khuynh hướng và lãnh vực nghiên cứu 
245 0 |c Trần Thanh Ái 
260 |a Cần Thơ 
260 |b Trường Đại học Cần Thơ 
260 |c 2003 
520 |a Nội dung đề tai cung cấp một số thuật ngữ và khái niện mới trong ngôn ngữ học hiện đại, vấn đề chức năng của ngôn ngữ, ngôn ngữ học xã hội. Nghiên cứu ngôn ngữ và kí luận dạy ngoại ngữ qua cách tiếp cận ngôn ngữ học xã hội. 
650 |a Language and languages,Ngôn ngữ và ngông ngữ học 
904 |i Qhieu 
980 |a Trung tâm Học liệu Trường Đại học Cần Thơ